000
00203 a2200097 4500
001
6278
100
_a
Fuchs, B.A
245
_a
Function of complex variable
260
_a
_b
Wiley
_c
090
_c
5157
_d
5157
942
_a
NUST-CAE
_c
M
_c
31553
999
_c
241351
_d
241351